| 000 | 00793nam a2200217 a 4500 | ||
|---|---|---|---|
| 001 | BRCA_6062 | ||
| 005 | 20190320205322.0 | ||
| 008 | 120608s2007----mx-a---###---#000-0#spa-# | ||
| 050 | 4 |
_aN6465.A7 _b.F67 2007 |
|
| 100 | 1 |
_aFosas Hübbe, Débora _915304 |
|
| 245 | 1 | 0 |
_aLos muebles de la casa Requena _buna historia del Art Nouveau mexicano. |
| 260 |
_aCiudad de México _c2007 |
||
| 300 |
_a149 p. _bil., fotografías |
||
| 502 | _aTesis Licenciatura (Licenciatura en Historia del Arte) Centro de Cultura Casa Lamm | ||
| 600 | 1 | 4 |
_aRequena, José Luis _d1860-1919 _xColecciones de artes decorativas _915305 |
| 650 | 1 | 4 |
_aMuebles Art Nouveau _915306 |
| 650 | 1 | 4 |
_aArt Nouveau _y1890 a 1920 _zMéxico _915307 |
| 700 | 1 |
_aFierro Gossman, Rafael _easesor _915308 |
|
| 902 | _aTES | ||
| 942 |
_2lcc _cTES |
||
| 999 |
_c5749 _d5749 |
||